000 00756nam a2200217Ia 4500
005 20241129111107.0
008 241129s9999||||xx |||||||||||||| ||und||
020 _a978-93-87145-00-9
037 _aTB
040 _aCRL
_bhin
_cCRL
041 _ahin
_2hin
084 _aO152v R2
_qCRL
100 _aशर्मा, नलिन विलोचन, ले.
_9160783
245 0 _aसहित्य का इतिहास - दर्शन
_cशर्मा, नलिन विलोचन, ले.
260 _aदिल्ली, भारत
_bअनन्य प्रकाशन
_c2022
300 _a367पृ0
365 _aINR
_b795
650 _aHindi Literature
_923866
942 _cTB
_hO152v R2
999 _c1228895
_d1228895